01655cam a2200265 a 4500020001500000020001800015040001000033082002600043100001900069245015500088300004900243500003900292520082200331650001201153650001201165650001201177650001601189650001601205650001601221650003501237700001601272700002001288700002001308710006101328 a9251074151 a9789251074152 cYDXCP aFAO GAI 2013 C132 Or.1 aElbehri, Aziz,10aGAIN methodology :bdiagnosis and design of change processes within producer organizations / by Aziz Elbehri, Maria Lee, Carina Hirsch, Marwan Benali. ax, 100 pages :bcolor illustrations ;c26 cm a"I3127E/1/11.12"--page 4 of cover. a"Constraints faced by smallholders--be they women or men--in accessing markets and improving their revenues are well known and easy to enumerate. Finding workable solutions to these constraints remain a challenge. The situation is very similar in many developing countries, particularly in Africa. A major obstacle to achieving agricultural development and inclusive value chains is the lack of effective and self-reliant producer organizations. In West and Central Africa, most farmer organizations are structurally weak, lack good governance and the endogenous capacity to be self-reliant and sustainably deliver the economic services required by their members. In most cases, these organizations remain too dependent on external support that often lacks safeguards to ensure long term sustainability"--FAO website. 0aFarmers 0aFarmers 0aFarmers 0aAgriculture 0aAgriculture 0aAgriculture 0aNon-governmental organizations1 aLee, Maria,1 aHirsch, Carina,1 aBenali, Marwan,2 aFood and Agriculture Organization of the United Nations.